00605nam a2200217Ia 450000500170000000800460001703700100006304000080007304000080008104000080008904100080009704100080010508400080011310000100012124500630013126000090019485600620020394200100026599900210027595200910029620260320201504.0008 262003s9999 xx 000 0 eng d aEBOOK aCRL beng cCRL 2eng aeng qCRL aDyson 0aTechnology and Society: Building Our Sociotechnical Future bIEEE uhttps://ieeexplore.ieee.org/servlet/opac?bknumber=9570178 cEBOOK c1721556d1721556 00104070aCRLbCRLd2026-03-20l0pCL2125650r2026-03-20 20:15:04w2026-03-20yEBOOK